Rindu di kalbu

Bibliographic Details
Main Author: Durrah Fatiha
Format: Book
Published: Shah Alam : Alaf 21 , 2006
Subjects:

MARC

LEADER 00000cam a2200000 7i4500
001 0000018736
005 20070228.0
020 |a 9831242157 
040 |a INS 
090 0 0 |a PL5136   |b D87 2006 
100 0 |a Durrah Fatiha 
245 0 0 |a Rindu di kalbu   |c Durrah Fatiha 
260 |a Shah Alam :   |b Alaf 21 ,   |c 2006 
300 |a 439p. ;   |c 18cm. 
650 0 0 |a Malay fiction 
999 |a 1000002583   |b BOOK   |c Open Shelf   |e Default branch